00541nam a2200181Ia 4500008004100000020001800041041000800059082001500067100002500082245009500107250001200202260002300214300000800237365001600245700002500261906005400286999001900340230714s9999 xx 000 0 und d a9790000000000 aeng a006.3bRUS aRussell M.A.9118243 aMining The Social Web bData Mining Facebook, Twitter, Linkedin, Google+, Github, And More a2nd ed. c2018bSPD/O'Reilly a421 cRs.b875.00 aRussell M.A.9118243 dO:0625917-Dec-2018B:547204-Dec-2018cTITb1093.75 c224637d224637